Statistics for Biggest cities with 10 letters

Click here to take the quiz!

General Stats

  • This quiz has been taken 18 times
  • The average score is 9 of 15

Answer Stats

Country Population City % Correct
Mexico8 974 000Mexico City
100%
Morroco5 117 000Casablanca
100%
Egypt4 616 000Alexandria
94%
Ethiopia3 103 000Addis Ababa
94%
Denmark1 308 000Copenhagen
94%
Uruguay1 305 000Montevideo
82%
United Kingdom1 111 000Birmingham
76%
Bangladesh2 581 000Chittagong
65%
Philippines2 936 000Quezon city
59%
Pakistan3 203 000Faisalabad
47%
Pakistan2 098 000Rawalpindi
47%
USA1 469 000San Antonio
24%
Pakistan2 027 000Gujranwala
12%
South Africa3 178 000Ekurhuleni
0%
India1 492 000Vijayawada
0%

Score Distribution

Percentile by Number Answered

Percent of People with Each Score

Your Score History

You have not taken this quiz